000 00473nam a2200169Ia 4500
999 _c28700
_d28700
003 OSt
005 20201116150636.0
008 190216s9999||||xx |||||||||||||| ||und||
040 _coclc
082 _a894.8123
_bRAD/G
100 _aRadhakrishnan, C
_96488
245 0 _aGrihaathuram /
_cC Radhakrishnan
260 _bHi Tech Books ,
_aKochi:
_c2005.
300 _a529p
650 _aMalayalam
942 _cBK
_2ddc
_h894.8123
_iRAD/G
_k894.8123
_mRAD/G